000 00402nam a2200181Ia 4500
005 20250423095805.0
008 250422s9999 xx 000 0 und d
020 _a0199147108
050 _aTA 350 .J44/
100 _aJefferson, Brian
245 0 _aIntroducing mechanics
260 _aNew York
260 _bOxford
260 _c2000
300 _a473 p
650 _aMathematics
942 _cBK
999 _c31340
_d31340